| 000 | 01022nam a2200301Ia 4500 | ||
|---|---|---|---|
| 001 | Para_9350 | ||
| 003 | CHAP | ||
| 008 | 220125s2007 xx 000 0 und d | ||
| 010 | _a208048 | ||
| 040 | _cCHAP | ||
| 090 | _aTESIS 2093 | ||
| 100 |
_aRazo González, Jessica _994886 |
||
| 245 |
_aControl químico del pulgón myzus (Myzus persicae Suizer) en el cultivo de lechuga (Lactuca sativa L.) en san Juan Acozac, Puebla / _c por Jessica Razo González |
||
| 260 |
_aChapingo, Méx. : _b el autor |
||
| 300 | _a45 h. | ||
| 502 | _aTesis (Ing. Agr. Esp. en Parasitología Agrícola) -- UACh. Departamento Parasitología Agrícola | ||
| 650 |
_aControl de insectos _927592 |
||
| 650 |
_aLechuga _x plagas _965470 |
||
| 650 |
_aMyzus persicae _979968 |
||
| 710 |
_aUACh. Departamento Parasitología Agrícola _9164025 |
||
| 901 | _aTESIS 2093 | ||
| 902 | _aM | ||
| 905 | _a0000002007 an 0000000000 00 | ||
| 910 | _a2007 | ||
| 942 | _cPARA | ||
| 942 |
_cPARA _d2 |
||
| 999 |
_c208048 _d208048 |
||